00437nam a2200169Ia 4500003000400000005001700004008004100021020002900062040001700091082002100108100002300129245004300152250001100195260002800206300001600234650001700250IIN20240124122657.0231217s9999 xx 000 0 und d cRs.295.00a9789386006080 aIINbEnglish a579 bMUR1 aMurugan, Arukumar 1 aMicrobiology for GNMcArukumar Murugan a2nd ed bEMMESSaBangalorec2022 aviii, 144p.1 aMicrobiology